[Event "WCO 2016"]
[Site "?"]
[Date "2016.09.11"]
[Round "9"]
[Board "26"]
[WhiteID "2105985"]
[White "Chang Suzana"]
[BlackID "5702135"]
[Black "Azman Hisham Nur Nabila"]
[Result "0-1"]
[BlackElo "1994"]
[WhiteElo "2093"]
[LiveChessVersion "1.4.8"]

1. e4 {[%clk 1:30:55]} c5 {[%clk 1:30:43]} 2. Nf3 e6 {[%clk 1:31:01]} 3. d3
{[%clk 1:31:42]} d6 {[%clk 1:29:46]} 4. g3 {[%clk 1:31:56]} Qc7 {[%clk 1:27:25]}
5. Bg2 {[%clk 1:32:12]} g6 {[%clk 1:27:36]} 6. d4 {[%clk 1:23:30]} Bg7
{[%clk 1:24:44]} 7. dxc5 {[%clk 1:22:45]} Qxc5 {[%clk 1:23:29]} 8. O-O
{[%clk 1:22:58]} Ne7 {[%clk 1:22:18]} 9. c3 {[%clk 1:22:03]} O-O {[%clk 1:19:30]}
10. Be3 {[%clk 1:22:14]} Qc7 {[%clk 1:17:36]} 11. Na3 {[%clk 1:19:16]} a6
{[%clk 1:16:25]} 12. Qb3 {[%clk 1:15:40]} Nd7 {[%clk 1:12:25]} 13. Rfd1
{[%clk 1:03:57]} Nc5 {[%clk 1:02:48]} 14. Qc2 {[%clk 1:01:46]} b5
{[%clk 1:00:30]} 15. b4 {[%clk 0:48:15]} Na4 {[%clk 0:56:02]} 16. Rac1
{[%clk 0:48:38]} Bb7 {[%clk 0:52:31]} 17. Nd4 {[%clk 0:44:01]} e5
{[%clk 0:39:55]} 18. Nb3 {[%clk 0:37:18]} f5 {[%clk 0:17:46]} 19. c4
{[%clk 0:35:55]} Bxe4 {[%clk 0:13:05]} 20. Bxe4 {[%clk 0:33:47]} fxe4
{[%clk 0:13:30]} 21. Qd2 {[%clk 0:18:30]} Nf5 {[%clk 0:09:31]} 22. cxb5
{[%clk 0:17:17]} Qf7 {[%clk 0:10:04]} 23. Nc4 Rad8 {[%clk 0:04:10]} 24. Qd5
{[%clk 0:13:29]} axb5 {[%clk 0:02:46]} 25. Nca5 {[%clk 0:09:03]} Nxe3
{[%clk 0:02:35]} 26. fxe3 {[%clk 0:09:14]} Bh6 {[%clk 0:02:20]} 27. Rc7
{[%clk 0:04:17]} Qxd5 {[%clk 0:01:53]} 28. Rxd5 {[%clk 0:04:44]} Bxe3+
{[%clk 0:02:16]} 29. Kg2 {[%clk 0:04:57]} Rf2+ {[%clk 0:01:09]} 30. Kh3
{[%clk 0:05:23]} Bb6 {[%clk 0:00:54]} 31. Rc1 {[%clk 0:05:18]} Rd7
{[%clk 0:01:10]} 32. Re1 {[%clk 0:04:38]} Nc3 {[%clk 0:01:25]} 33. Rd2
{[%clk 0:04:17]} Rxd2 {[%clk 0:01:44]} 34. Nxd2 {[%clk 0:04:45]} e3
{[%clk 0:01:37]} 35. Nf3 {[%clk 0:04:04]} e4 {[%clk 0:01:53]} 36. Ng1
{[%clk 0:03:45]} d5 {[%clk 0:02:16]} 37. Nc6 {[%clk 0:03:49]} d4 {[%clk 0:02:35]}
38. Ne5 {[%clk 0:04:11]} Rd5 {[%clk 0:02:33]} 39. Ng4 {[%clk 0:34:35]} Kg7
{[%clk 0:32:52]} 0-1

[Event "WCO 2016"]
[Site "?"]
[Date "2016.09.11"]
[Round "9"]
[Board "27"]
[WhiteID "5704685"]
[White "Azman Hisham Nur Najiha"]
[BlackID "2153963"]
[Black "Librelato Kathie Goulart"]
[Result "1-0"]
[BlackElo "2079"]
[WhiteElo "1973"]
[LiveChessVersion "1.4.8"]

1. d4 {[%clk 1:30:51]} Nf6 {[%clk 1:30:48]} 2. c4 {[%clk 1:30:52]} g6
{[%clk 1:31:05]} 3. Nc3 {[%clk 1:30:50]} Bg7 {[%clk 1:31:27]} 4. e4
{[%clk 1:30:40]} d6 {[%clk 1:31:50]} 5. Nf3 {[%clk 1:29:50]} O-O {[%clk 1:32:00]}
6. Be2 {[%clk 1:30:04]} Na6 {[%clk 1:32:14]} 7. O-O {[%clk 1:27:53]} e5
{[%clk 1:32:28]} 8. dxe5 {[%clk 1:17:29]} dxe5 {[%clk 1:32:43]} 9. Bg5
{[%clk 1:17:29]} Qe8 {[%clk 1:16:17]} 10. Nd2 {[%clk 1:08:51]} c6
{[%clk 1:05:49]} 11. Be3 {[%clk 1:03:37]} Qe7 {[%clk 1:02:11]} 12. a3
{[%clk 0:57:07]} Nc5 {[%clk 0:54:25]} 13. b4 {[%clk 0:42:50]} Ne6
{[%clk 0:54:35]} 14. c5 {[%clk 0:41:10]} Rd8 {[%clk 0:47:53]} 15. Bc4
{[%clk 0:32:51]} Nd4 {[%clk 0:39:28]} 16. f3 {[%clk 0:32:18]} Nh5
{[%clk 0:36:44]} 17. Ne2 {[%clk 0:25:17]} Kh8 {[%clk 0:22:52]} 18. Bxd4
{[%clk 0:19:17]} exd4 {[%clk 0:23:08]} 19. Bd3 {[%clk 0:19:34]} f5
{[%clk 0:18:20]} 20. g3 {[%clk 0:13:19]} Rf8 {[%clk 0:14:10]} 21. Rb1
{[%clk 0:09:56]} fxe4 {[%clk 0:08:04]} 22. Nxe4 {[%clk 0:10:00]} Bh3
{[%clk 0:08:17]} 23. Rf2 {[%clk 0:10:03]} Bh6 {[%clk 0:08:02]} 24. f4
{[%clk 0:09:40]} Bf5 {[%clk 0:05:35]} 25. Nd6 {[%clk 0:08:04]} Bg4
{[%clk 0:06:00]} 26. Be4 {[%clk 0:08:09]} Nf6 {[%clk 0:05:56]} 27. Qxd4
{[%clk 0:07:34]} Bg7 {[%clk 0:05:58]} 28. Nc3 {[%clk 0:04:17]} Nxe4
{[%clk 0:01:16]} 29. Qxe4 {[%clk 0:04:39]} Qxe4 {[%clk 0:01:24]} 30. Ncxe4
{[%clk 0:05:01]} Bd4 {[%clk 0:01:44]} 31. Kg2 {[%clk 0:05:25]} Bxf2
{[%clk 0:02:01]} 32. Nxf2 {[%clk 0:05:00]} Be6 {[%clk 0:02:14]} 33. Kf3
{[%clk 0:04:22]} a5 {[%clk 0:02:08]} 34. b5 {[%clk 0:02:51]} a4 {[%clk 0:01:13]}
35. Rb4 {[%clk 0:00:48]} Ra5 {[%clk 0:00:35]} 36. Ke4 {[%clk 0:00:44]} cxb5
{[%clk 0:00:39]} 37. Nxb7 {[%clk 0:00:55]} Ra7 {[%clk 0:00:35]} 38. Nd6
{[%clk 0:01:02]} Rb8 {[%clk 0:00:32]} 39. Kd4 {[%clk 0:00:41]} Rd7
{[%clk 0:00:39]} 40. Nd3 {[%clk 0:31:00]} Bc4 {[%clk 0:30:38]} 41. Ne5
{[%clk 0:31:19]} Rbd8 {[%clk 0:17:21]} 42. Nxd7 {[%clk 0:27:14]} Rxd7
{[%clk 0:17:45]} 43. Kc3 {[%clk 0:23:36]} Be2 {[%clk 0:13:56]} 44. Re4
{[%clk 0:20:55]} Bf3 {[%clk 0:14:10]} 45. Re8+ {[%clk 0:16:47]} Kg7
{[%clk 0:14:33]} 46. Nxb5 {[%clk 0:16:41]} Bc6 {[%clk 0:10:38]} 47. Nd4
{[%clk 0:15:14]} Bd5 {[%clk 0:05:22]} 48. c6 {[%clk 0:14:28]} Bxc6
{[%clk 0:03:55]} 49. Nxc6 {[%clk 0:14:52]} Rc7 {[%clk 0:04:22]} 50. Re7+
{[%clk 0:15:16]} 1-0

[Event "WCO 2016"]
[Site "?"]
[Date "2016.09.11"]
[Round "9"]
[Board "28"]
[WhiteID "2134470"]
[White "Medeiros Thauane Ferreira"]
[BlackID "5702879"]
[Black "Azhar Puteri Rifqah Fahada"]
[Result "0-1"]
[BlackElo "1945"]
[WhiteElo "2030"]
[LiveChessVersion "1.4.8"]

1. d4 {[%clk 1:30:55]} Nf6 {[%clk 1:30:52]} 2. Bg5 {[%clk 1:31:10]} Ne4
{[%clk 1:30:50]} 3. Bf4 {[%clk 1:31:25]} d5 {[%clk 1:30:03]} 4. f3
{[%clk 1:31:48]} Nf6 {[%clk 1:29:49]} 5. e4 {[%clk 1:30:37]} e6 {[%clk 1:28:17]}
6. Bd3 {[%clk 1:27:04]} Be7 {[%clk 1:26:46]} 7. Ne2 {[%clk 1:24:44]} a6
{[%clk 1:25:07]} 8. e5 {[%clk 1:20:36]} Nfd7 {[%clk 1:23:44]} 9. O-O
{[%clk 1:18:01]} c5 {[%clk 1:22:07]} 10. c3 {[%clk 1:18:00]} Nc6 {[%clk 1:20:38]}
11. Be3 {[%clk 0:47:24]} Qb6 {[%clk 1:09:06]} 12. f4 {[%clk 0:47:15]} cxd4
{[%clk 1:01:43]} 13. cxd4 {[%clk 0:47:34]} Nb4 {[%clk 0:58:57]} 14. Nbc3
{[%clk 0:42:00]} f6 {[%clk 0:48:59]} 15. exf6 {[%clk 0:40:15]} Nxf6
{[%clk 0:48:33]} 16. Bb1 {[%clk 0:36:49]} O-O {[%clk 0:35:25]} 17. a3
{[%clk 0:29:58]} Nc6 {[%clk 0:35:04]} 18. Qd3 {[%clk 0:16:01]} g6
{[%clk 0:31:34]} 19. Bc2 {[%clk 0:10:15]} Bd7 {[%clk 0:20:54]} 20. Kh1
{[%clk 0:07:13]} Rf7 {[%clk 0:18:46]} 21. b4 {[%clk 0:05:10]} Na7
{[%clk 0:17:48]} 22. Rf3 {[%clk 0:02:21]} Rc8 {[%clk 0:16:07]} 23. Raf1
{[%clk 0:01:43]} Qc7 {[%clk 0:13:53]} 24. Bb3 {[%clk 0:00:49]} Nb5
{[%clk 0:12:16]} 25. Bd2 {[%clk 0:00:40]} Qd6 {[%clk 0:07:41]} 26. f5
{[%clk 0:00:36]} exf5 {[%clk 0:04:40]} 27. Bf4 Qc6 {[%clk 0:03:10]} 28. Be5
{[%clk 0:00:50]} Nxc3 {[%clk 0:02:59]} 29. Nxc3 {[%clk 0:01:09]} Be6
{[%clk 0:02:51]} 30. Bxf6 {[%clk 0:01:24]} Bxf6 {[%clk 0:03:20]} 31. Re1
{[%clk 0:01:25]} Kg7 {[%clk 0:02:13]} 32. Rfe3 {[%clk 0:00:45]} Re7
{[%clk 0:01:15]} 33. Nxd5 {[%clk 0:01:06]} Bxd5 {[%clk 0:01:34]} 34. Rxe7+
{[%clk 0:01:28]} Bxe7 {[%clk 0:01:40]} 35. Bxd5 {[%clk 0:01:32]} Qxd5
{[%clk 0:00:58]} 36. Rxe7+ {[%clk 0:02:00]} Kf8 {[%clk 0:00:47]} 37. Re1
{[%clk 0:02:18]} Re8 {[%clk 0:00:39]} 38. Rxe8+ {[%clk 0:01:02]} Kxe8
{[%clk 0:01:08]} 39. h3 {[%clk 0:01:14]} Kd7 {[%clk 0:30:59]} 40. Qe3
{[%clk 0:30:43]} Qe4 {[%clk 0:25:13]} 41. Qh6 {[%clk 0:30:21]} Qe1+
{[%clk 0:25:16]} 42. Kh2 {[%clk 0:30:40]} Qe7 {[%clk 0:25:29]} 43. h4
{[%clk 0:28:11]} Kc6 {[%clk 0:22:27]} 44. Kh3 {[%clk 0:23:08]} Kd5
{[%clk 0:16:47]} 45. Qf4 {[%clk 0:11:17]} Qe4 {[%clk 0:15:29]} 46. Qh6
{[%clk 0:10:55]} Kxd4 {[%clk 0:12:40]} 47. Qxh7 {[%clk 0:11:02]} f4
{[%clk 0:12:47]} 48. Qd7+ {[%clk 0:09:46]} Kc4 {[%clk 0:11:09]} 49. Qd1
{[%clk 0:02:12]} Kb5 {[%clk 0:01:50]} 50. Qd7+ {[%clk 0:01:56]} Kc4
{[%clk 0:01:31]} 51. Qd1 {[%clk 0:00:51]} Kb5 {[%clk 0:00:44]} 52. Qd7+
{[%clk 0:00:35]} Kc4 {[%clk 0:00:38]} 53. Qd1 {[%clk 0:00:43]} Kb5
{[%clk 0:00:44]} 54. Qf3 {[%clk 0:00:46]} Qf5+ {[%clk 0:00:38]} 55. Kh2
{[%clk 0:00:39]} Kb6 {[%clk 0:00:41]} 56. Qc3 {[%clk 0:00:33]} Kb5
{[%clk 0:00:35]} 57. Qc7 {[%clk 0:00:32]} Qe4 {[%clk 0:00:47]} 0-1

[Event "WCO 2016"]
[Site "?"]
[Date "2016.09.11"]
[Round "9"]
[Board "25"]
[WhiteID "5104106"]
[White "Real Pereyra Diana Carime"]
[BlackID "4500512"]
[Black "Narva Mai"]
[Result "0-1"]
[BlackElo "2238"]
[WhiteElo "2136"]
[LiveChessVersion "1.4.8"]

1. e4 {[%clk 1:30:55]} c5 {[%clk 1:30:51]} 2. c3 {[%clk 1:31:17]} Nf6
{[%clk 1:30:46]} 3. e5 {[%clk 1:24:27]} Nd5 {[%clk 1:31:03]} 4. d4
{[%clk 1:24:33]} cxd4 {[%clk 1:31:11]} 5. Nf3 {[%clk 1:22:09]} e6
{[%clk 1:28:45]} 6. Nxd4 {[%clk 1:17:16]} Qc7 {[%clk 1:20:16]} 7. Qe2
{[%clk 1:11:18]} Bc5 {[%clk 1:18:16]} 8. Nb3 {[%clk 1:05:43]} Be7
{[%clk 1:16:21]} 9. g3 {[%clk 1:03:43]} b6 {[%clk 1:11:35]} 10. Bg2
{[%clk 0:56:41]} Ba6 {[%clk 1:10:19]} 11. Qe4 {[%clk 0:56:45]} Nc6
{[%clk 1:07:55]} 12. c4 {[%clk 0:50:03]} f5 {[%clk 0:57:50]} 13. exf6
{[%clk 0:42:42]} Nxf6 {[%clk 0:58:07]} 14. Qe2 {[%clk 0:40:59]} Rc8
{[%clk 0:57:36]} 15. O-O {[%clk 0:39:58]} Nb4 {[%clk 0:54:03]} 16. Na3
{[%clk 0:33:32]} Bxc4 {[%clk 0:53:16]} 17. Nxc4 {[%clk 0:33:25]} Qxc4
{[%clk 0:53:38]} 18. Qe5 {[%clk 0:29:46]} O-O {[%clk 0:52:07]} 19. Bd2
{[%clk 0:20:49]} Nd3 {[%clk 0:49:50]} 20. Qd4 {[%clk 0:15:47]} Qxd4
{[%clk 0:48:02]} 21. Nxd4 {[%clk 0:16:15]} Nxb2 {[%clk 0:46:46]} 22. Bf4
{[%clk 0:15:40]} Nd3 {[%clk 0:44:53]} 23. Bb7 {[%clk 0:14:20]} Rc4
{[%clk 0:43:06]} 24. Ba6 {[%clk 0:13:23]} Rxd4 {[%clk 0:42:46]} 25. Rfd1
{[%clk 0:12:48]} Rxf4 {[%clk 0:41:25]} 0-1

[Event "WCO 2016"]
[Site "?"]
[Date "2016.09.11"]
[Round "9"]
[Board "26"]
[WhiteID "4500199"]
[White "Tsiganova Monika"]
[BlackID "5104297"]
[Black "Guerrero Rodriguez Alejandra"]
[Result "1-0"]
[BlackElo "2043"]
[WhiteElo "2095"]
[LiveChessVersion "1.4.8"]

1. d4 {[%clk 1:30:54]} Nf6 {[%clk 1:30:43]} 2. Nf3 {[%clk 1:31:07]} g6
{[%clk 1:31:05]} 3. c4 {[%clk 1:30:42]} Bg7 {[%clk 1:31:26]} 4. Nc3
{[%clk 1:31:04]} O-O {[%clk 1:31:26]} 5. e4 {[%clk 1:29:29]} c5 {[%clk 1:31:27]}
6. d5 {[%clk 1:29:05]} d6 {[%clk 1:31:33]} 7. Be2 {[%clk 1:28:05]} e6
{[%clk 1:31:27]} 8. O-O {[%clk 1:27:46]} Re8 {[%clk 1:31:17]} 9. h3
{[%clk 1:26:19]} Na6 {[%clk 1:31:00]} 10. Bg5 {[%clk 1:25:39]} h6
{[%clk 1:25:36]} 11. Be3 {[%clk 1:25:11]} Nc7 {[%clk 1:25:17]} 12. Qd2
{[%clk 1:19:15]} Kh7 {[%clk 1:24:03]} 13. e5 {[%clk 1:00:42]} dxe5
{[%clk 1:19:18]} 14. d6 {[%clk 1:00:53]} Na6 {[%clk 1:19:17]} 15. Nxe5
{[%clk 1:01:14]} Ne4 {[%clk 1:14:13]} 16. Nxe4 {[%clk 0:56:01]} Bxe5
{[%clk 1:14:05]} 17. Bxh6 {[%clk 0:55:23]} Bd7 {[%clk 0:58:53]} 18. Bg5
{[%clk 0:54:19]} f6 {[%clk 0:58:24]} 19. Be3 {[%clk 0:54:13]} Bc6
{[%clk 0:49:09]} 20. Nxc5 {[%clk 0:53:16]} Bxd6 {[%clk 0:45:18]} 21. Nxa6
{[%clk 0:53:02]} bxa6 {[%clk 0:45:40]} 22. Rad1 {[%clk 0:50:21]} Bc7
{[%clk 0:40:43]} 23. Qb4 {[%clk 0:48:07]} Qb8 {[%clk 0:37:34]} 24. Qc5
{[%clk 0:47:19]} Qb7 {[%clk 0:34:44]} 25. Bf3 {[%clk 0:46:58]} Bxf3
{[%clk 0:23:18]} 26. Rd7+ {[%clk 0:47:19]} Kg8 {[%clk 0:22:37]} 27. Rxc7
{[%clk 0:46:59]} Qe4 {[%clk 0:21:26]} 28. gxf3 {[%clk 0:47:15]} Qxf3
{[%clk 0:21:31]} 29. Kh2 {[%clk 0:47:32]} Rad8 {[%clk 0:19:30]} 30. Rg1
{[%clk 0:47:24]} 1-0

[Event "WCO 2016"]
[Site "?"]
[Date "2016.09.11"]
[Round "9"]
[Board "27"]
[WhiteID "5104130"]
[White "Fuentes Godoy Lilia Ivonne"]
[BlackID "4503082"]
[Black "Olde Margareth"]
[Result "1/2-1/2"]
[BlackElo "2003"]
[WhiteElo "2142"]
[LiveChessVersion "1.4.8"]

1. d4 {[%clk 1:30:55]} d5 {[%clk 1:30:55]} 2. c4 {[%clk 1:31:20]} e6
{[%clk 1:31:21]} 3. Nf3 {[%clk 1:31:34]} Nf6 {[%clk 1:31:33]} 4. g3
{[%clk 1:31:49]} Be7 {[%clk 1:31:34]} 5. Bg2 {[%clk 1:32:08]} O-O
{[%clk 1:31:12]} 6. O-O {[%clk 1:32:31]} dxc4 {[%clk 1:31:30]} 7. Qc2
{[%clk 1:32:38]} a6 {[%clk 1:31:43]} 8. a4 {[%clk 1:30:41]} Nbd7 {[%clk 1:27:53]}
9. Nbd2 {[%clk 1:20:50]} Nb6 {[%clk 1:23:23]} 10. e4 {[%clk 1:09:40]} Bd7
{[%clk 1:14:01]} 11. a5 {[%clk 1:01:31]} Nc8 {[%clk 1:14:24]} 12. Nxc4
{[%clk 0:59:48]} Bb5 {[%clk 1:03:49]} 13. b3 {[%clk 0:58:20]} Na7
{[%clk 0:51:42]} 14. Rd1 {[%clk 0:51:53]} Nc6 {[%clk 0:46:30]} 15. Bb2
{[%clk 0:43:08]} Nb4 {[%clk 0:45:13]} 16. Qb1 {[%clk 0:42:29]} Rb8
{[%clk 0:40:12]} 17. Ne1 {[%clk 0:32:58]} Ne8 {[%clk 0:34:18]} 18. Nc2
{[%clk 0:31:13]} b6 {[%clk 0:24:31]} 19. Nxb4 {[%clk 0:27:53]} Bxb4
{[%clk 0:24:56]} 20. axb6 {[%clk 0:28:19]} cxb6 {[%clk 0:24:35]} 21. e5
{[%clk 0:26:12]} Nc7 {[%clk 0:22:35]} 22. Ba3 {[%clk 0:18:00]} Bxa3
{[%clk 0:21:17]} 23. Rxa3 {[%clk 0:14:27]} Nd5 {[%clk 0:21:05]} 24. Qb2
{[%clk 0:13:59]} Nb4 {[%clk 0:11:55]} 25. Nd6 {[%clk 0:11:57]} Qd7
{[%clk 0:11:34]} 26. Qd2 {[%clk 0:07:44]} a5 {[%clk 0:11:08]} 27. Raa1
{[%clk 0:07:34]} Bc6 {[%clk 0:11:08]} 28. Rac1 {[%clk 0:05:51]} Bxg2
{[%clk 0:10:36]} 29. Kxg2 {[%clk 0:06:16]} Nd5 {[%clk 0:10:50]} 30. Qa2
{[%clk 0:03:25]} Qa7 {[%clk 0:06:49]} 31. Nb5 {[%clk 0:02:36]} Qb7
{[%clk 0:06:40]} 32. Kg1 {[%clk 0:01:26]} Nb4 {[%clk 0:05:25]} 33. Qb1
{[%clk 0:00:39]} Qd5 {[%clk 0:04:09]} 34. Nd6 {[%clk 0:00:44]} h6
{[%clk 0:02:45]} 35. Rc3 {[%clk 0:00:33]} Qa8 {[%clk 0:02:26]} 36. Rdc1
{[%clk 0:00:33]} Nd5 {[%clk 0:01:35]} 37. Rc6 {[%clk 0:00:46]} Nb4
{[%clk 0:01:31]} 38. Rc7 {[%clk 0:00:41]} Nd5 {[%clk 0:01:46]} 39. Rd7
{[%clk 0:00:34]} Rbd8 {[%clk 0:01:28]} 40. Rxd8 {[%clk 0:30:33]} Rxd8
{[%clk 0:31:16]} 41. Qd3 {[%clk 0:25:30]} Qa7 {[%clk 0:25:56]} 42. Qb5
{[%clk 0:24:56]} Qe7 {[%clk 0:22:12]} 43. f4 {[%clk 0:21:16]} g6 {[%clk 0:19:23]}
44. Kf2 {[%clk 0:18:21]} Kh7 {[%clk 0:11:00]} 45. Rc6 {[%clk 0:13:05]} Rb8
{[%clk 0:09:50]} 46. Rc4 {[%clk 0:07:15]} Rd8 {[%clk 0:06:49]} 47. Kf3
{[%clk 0:07:12]} Rb8 {[%clk 0:06:00]} 48. Rc6 {[%clk 0:05:26]} Qa7
{[%clk 0:04:24]} 49. h4 {[%clk 0:04:31]} Rd8 {[%clk 0:03:50]} 50. Kf2
{[%clk 0:03:56]} Qd7 {[%clk 0:03:10]} 51. Ne4 {[%clk 0:00:45]} Kg7
{[%clk 0:00:59]} 52. Qc4 {[%clk 0:00:47]} Rb8 {[%clk 0:00:43]} 53. Rd6
{[%clk 0:00:42]} Qe7 {[%clk 0:00:33]} 54. Qc6 {[%clk 0:00:39]} Rb7
{[%clk 0:00:46]} 55. Qb5 {[%clk 0:00:36]} Rc7 {[%clk 0:00:42]} 56. Nf6
{[%clk 0:00:33]} Rc2+ {[%clk 0:00:34]} 57. Kf3 {[%clk 0:00:34]} 1/2-1/2

[Event "WCO 2016"]
[Site "?"]
[Date "2016.09.11"]
[Round "9"]
[Board "28"]
[WhiteID "4502680"]
[White "Narva Triin"]
[BlackID "5116520"]
[Black "Parkhurst Casas Miriam"]
[Result "1-0"]
[BlackElo "1993"]
[WhiteElo "2023"]
[LiveChessVersion "1.4.8"]

1. e4 {[%clk 1:30:57]} e5 {[%clk 1:30:51]} 2. Nc3 {[%clk 1:31:05]} Nf6
{[%clk 1:30:56]} 3. g3 {[%clk 1:31:09]} d5 {[%clk 1:30:50]} 4. exd5
{[%clk 1:31:17]} Nxd5 {[%clk 1:31:15]} 5. Bg2 {[%clk 1:31:34]} Nf6
{[%clk 1:30:48]} 6. d3 {[%clk 1:29:54]} Bc5 {[%clk 1:28:33]} 7. Qe2
{[%clk 1:25:14]} O-O {[%clk 1:27:34]} 8. Bg5 {[%clk 1:19:00]} h6 {[%clk 1:25:57]}
9. Be3 {[%clk 1:18:26]} Bb6 {[%clk 1:25:01]} 10. O-O-O {[%clk 1:16:51]} Re8
{[%clk 1:22:54]} 11. h3 {[%clk 0:50:01]} c6 {[%clk 1:16:03]} 12. Ne4
{[%clk 0:40:19]} Nd5 {[%clk 1:12:30]} 13. c4 {[%clk 0:39:01]} Nxe3
{[%clk 1:10:12]} 14. fxe3 {[%clk 0:38:58]} f5 {[%clk 1:09:23]} 15. Nc3
{[%clk 0:28:57]} Qg5 {[%clk 1:08:22]} 16. Re1 {[%clk 0:28:39]} Qxg3
{[%clk 1:04:41]} 17. Nf3 {[%clk 0:27:49]} Qg6 {[%clk 0:46:54]} 18. h4
{[%clk 0:20:26]} Na6 {[%clk 0:38:08]} 19. Rhg1 {[%clk 0:09:26]} Qf7
{[%clk 0:34:30]} 20. Rgf1 {[%clk 0:06:21]} Ba5 {[%clk 0:32:13]} 21. h5
{[%clk 0:01:43]} Bxc3 {[%clk 0:31:00]} 22. bxc3 {[%clk 0:02:10]} Qe7
{[%clk 0:30:41]} 23. Rg1 {[%clk 0:00:39]} Nc5 {[%clk 0:30:51]} 24. Nxe5
{[%clk 0:00:35]} Na4 {[%clk 0:30:19]} 25. Qc2 {[%clk 0:00:36]} Qa3+
{[%clk 0:30:39]} 26. Kd2 {[%clk 0:01:03]} Rxe5 {[%clk 0:31:02]} 27. d4
{[%clk 0:01:18]} Re8 {[%clk 0:30:57]} 28. c5 {[%clk 0:00:46]} Qb2
{[%clk 0:28:01]} 29. Bf1 {[%clk 0:00:32]} Be6 {[%clk 0:22:47]} 30. Rb1
{[%clk 0:00:36]} Qxc2+ {[%clk 0:23:05]} 31. Kxc2 {[%clk 0:01:03]} Bf7
{[%clk 0:22:51]} 32. Rg3 {[%clk 0:00:58]} Bxh5 {[%clk 0:22:29]} 33. Rxb7
{[%clk 0:01:13]} Rab8 {[%clk 0:16:27]} 34. Bc4+ {[%clk 0:01:28]} Kf8
{[%clk 0:16:44]} 35. Rbxg7 {[%clk 0:01:22]} Rb2+ {[%clk 0:16:30]} 36. Kc1
{[%clk 0:01:50]} Rh2 {[%clk 0:14:50]} 37. Rxa7 {[%clk 0:01:47]} Rh1+
{[%clk 0:13:12]} 38. Kc2 {[%clk 0:01:52]} Rh2+ {[%clk 0:11:36]} 39. Kb3
{[%clk 0:01:56]} Nxc5+ {[%clk 0:08:00]} 40. dxc5 {[%clk 0:32:11]} Rb8+
{[%clk 0:38:22]} 41. Ka3 {[%clk 0:27:28]} Bg4 {[%clk 0:38:34]} 42. e4
{[%clk 0:27:43]} h5 {[%clk 0:34:31]} 43. exf5 {[%clk 0:27:56]} Rf2
{[%clk 0:33:52]} 44. Rf7+ {[%clk 0:28:16]} Ke8 {[%clk 0:34:12]} 45. Re3+
{[%clk 0:28:43]} Kd8 {[%clk 0:34:37]} 46. Rf8+ {[%clk 0:29:08]} 1-0

[Event "WCO 2016"]
[Site "?"]
[Date "2016.09.11"]
[Round "9"]
[Board "29"]
[WhiteID "3603687"]
[White "Heredia Serrano Carla"]
[BlackID "14902052"]
[Black "Theissl Pokorna Regina"]
[Result "0-1"]
[BlackElo "2331"]
[WhiteElo "2075"]
[LiveChessVersion "1.4.8"]

1. e4 {[%clk 1:30:58]} e5 {[%clk 1:30:55]} 2. Nf3 {[%clk 1:31:24]} Nc6
{[%clk 1:31:20]} 3. d4 {[%clk 1:31:49]} exd4 {[%clk 1:31:42]} 4. c3
{[%clk 1:32:12]} dxc3 {[%clk 1:25:33]} 5. Bc4 {[%clk 1:32:19]} d6
{[%clk 1:25:25]} 6. Nxc3 {[%clk 1:32:08]} Nf6 {[%clk 1:24:17]} 7. Qb3
{[%clk 1:32:20]} Qd7 {[%clk 1:22:46]} 8. Ng5 {[%clk 1:32:34]} Ne5
{[%clk 1:21:06]} 9. Bb5 {[%clk 1:33:00]} c6 {[%clk 1:02:26]} 10. f4
{[%clk 1:33:20]} Neg4 {[%clk 1:01:45]} 11. h3 {[%clk 1:33:36]} cxb5
{[%clk 0:52:01]} 12. hxg4 {[%clk 1:33:54]} b4 {[%clk 0:50:50]} 13. Nd5
{[%clk 1:10:45]} h6 {[%clk 0:49:11]} 14. Be3 {[%clk 1:06:42]} Nxd5
{[%clk 0:37:48]} 15. Qxd5 {[%clk 1:06:57]} Rg8 {[%clk 0:36:38]} 16. Nf3
{[%clk 1:05:44]} Qc6 {[%clk 0:36:23]} 17. Qd3 {[%clk 0:54:58]} Qa6
{[%clk 0:32:41]} 18. Qxa6 {[%clk 0:49:19]} bxa6 {[%clk 0:33:06]} 19. Rc1
{[%clk 0:37:00]} Bxg4 {[%clk 0:30:59]} 20. Rc7 {[%clk 0:36:43]} Bd7
{[%clk 0:18:38]} 21. O-O {[%clk 0:25:36]} Be7 {[%clk 0:19:04]} 22. Rd1
{[%clk 0:22:11]} g5 {[%clk 0:11:54]} 23. f5 {[%clk 0:16:21]} g4 {[%clk 0:10:56]}
24. Nd2 {[%clk 0:07:12]} Rc8 {[%clk 0:10:02]} 25. Rxc8+ {[%clk 0:04:41]} Bxc8
{[%clk 0:10:27]} 26. Nc4 {[%clk 0:02:31]} g3 {[%clk 0:07:35]} 27. Nxd6+
{[%clk 0:00:38]} Bxd6 {[%clk 0:07:20]} 28. Rxd6 Rg4 {[%clk 0:07:27]} 29. Rd4
{[%clk 0:00:55]} a5 {[%clk 0:06:09]} 30. Kf1 {[%clk 0:00:36]} Ba6+
{[%clk 0:05:47]} 31. Kg1 {[%clk 0:00:38]} h5 {[%clk 0:04:00]} 32. e5
{[%clk 0:00:35]} Rxd4 {[%clk 0:02:09]} 33. Bxd4 {[%clk 0:01:04]} Bd3
{[%clk 0:02:12]} 34. f6 {[%clk 0:01:25]} Kd7 {[%clk 0:01:43]} 35. Bxa7
{[%clk 0:01:03]} Ke6 {[%clk 0:01:44]} 36. Bb8 {[%clk 0:00:36]} Bc4
{[%clk 0:01:07]} 37. b3 {[%clk 0:00:39]} a4 {[%clk 0:00:53]} 38. Bd6
{[%clk 0:00:42]} Bxb3 {[%clk 0:01:05]} 39. axb3 {[%clk 0:00:45]} axb3
{[%clk 0:01:19]} 40. Bxb4 {[%clk 0:31:13]} b2 {[%clk 0:31:42]} 0-1

[Event "WCO 2016"]
[Site "?"]
[Date "2016.09.11"]
[Round "9"]
[Board "30"]
[WhiteID "1621629"]
[White "Newrkla Katharina"]
[BlackID "3600424"]
[Black "Moncayo Romero Evelyn"]
[Result "1-0"]
[BlackElo "2046"]
[WhiteElo "2214"]
[LiveChessVersion "1.4.8"]

1. e4 {[%clk 1:30:57]} c5 {[%clk 1:30:52]} 2. Nf3 {[%clk 1:31:24]} d6
{[%clk 1:31:13]} 3. d4 {[%clk 1:31:50]} cxd4 {[%clk 1:31:37]} 4. Nxd4
{[%clk 1:32:16]} Nf6 {[%clk 1:32:01]} 5. Nc3 {[%clk 1:32:41]} a6 {[%clk 1:32:27]}
6. Nb3 {[%clk 1:33:06]} Qc7 {[%clk 1:31:17]} 7. Be2 {[%clk 1:27:17]} e6
{[%clk 1:30:41]} 8. Be3 {[%clk 1:24:01]} b5 {[%clk 1:26:51]} 9. a3
{[%clk 1:05:27]} Bb7 {[%clk 1:26:35]} 10. f3 {[%clk 1:05:29]} Nbd7
{[%clk 1:25:26]} 11. g4 {[%clk 1:01:36]} Nb6 {[%clk 1:20:05]} 12. g5
{[%clk 0:59:23]} Nfd7 {[%clk 1:18:54]} 13. Na5 {[%clk 0:55:15]} Nc4
{[%clk 1:17:54]} 14. Nxc4 {[%clk 0:55:10]} bxc4 {[%clk 1:18:17]} 15. Qd4
{[%clk 0:47:18]} Rc8 {[%clk 1:16:32]} 16. h4 {[%clk 0:42:33]} e5 {[%clk 0:36:04]}
17. Qd2 {[%clk 0:42:42]} Nb6 {[%clk 0:35:01]} 18. O-O-O {[%clk 0:32:12]} Be7
{[%clk 0:30:42]} 19. h5 {[%clk 0:31:18]} g6 {[%clk 0:20:16]} 20. Rh3
{[%clk 0:28:29]} Nd7 {[%clk 0:18:13]} 21. hxg6 {[%clk 0:24:01]} fxg6
{[%clk 0:18:41]} 22. Rdh1 {[%clk 0:24:23]} Nf8 {[%clk 0:19:04]} 23. f4
{[%clk 0:23:09]} Rd8 {[%clk 0:15:36]} 24. Nd5 {[%clk 0:16:11]} Bxd5
{[%clk 0:09:34]} 25. Qxd5 {[%clk 0:16:36]} Rc8 {[%clk 0:08:31]} 26. fxe5
{[%clk 0:11:05]} dxe5 {[%clk 0:08:55]} 27. Rf1 {[%clk 0:10:50]} c3
{[%clk 0:08:08]} 28. b4 {[%clk 0:08:16]} Bd6 {[%clk 0:02:24]} 29. Bxa6
{[%clk 0:07:25]} Rb8 {[%clk 0:00:56]} 30. Bb5+ {[%clk 0:07:38]} Nd7
{[%clk 0:00:36]} 31. Rxh7 {[%clk 0:04:16]} Rxh7 32. Qg8+ {[%clk 0:04:39]} Ke7
{[%clk 0:00:31]} 33. Qxh7+ {[%clk 0:04:59]} Kd8 {[%clk 0:00:54]} 34. Qg8+
{[%clk 0:05:09]} Ke7 {[%clk 0:00:36]} 35. Rf7+ {[%clk 0:05:31]} Ke6
{[%clk 0:01:01]} 36. Qxg6+ {[%clk 0:05:46]} 1-0